Statistics for Word Ladders 1

Click here to take the quiz!

General Stats

  • This quiz has been taken 8 times
  • The average score is 4 of 8

Answer Stats

HintAnswer% Correct
1.asteroid
100%
2.asterisk
88%
3.risk
63%
8.wrist
63%
5.husk
38%
7.mist
38%
6.must
25%
4.whisk
13%

Score Distribution

Percentile by Number Answered

Percent of People with Each Score

Your Score History

You have not taken this quiz